Rítmicas /

Сохранить в:
Библиографические подробности
Корпоративные авторы: Tambuco (ejecución musical), Camerata de las Américas (ejecución musical)
Другие авторы: Bringas, Alfredo (ejecución musical) (ejecución musical), Tudón, Raúl (ejecución musical) (ejecución musical), Manzanilla, Iván (ejecución musical) (ejecución musical), Gallardo, Ricardo (ejecución musical, dirección y texto del folleto) (ejecución musical, dirección y texto del folleto), Diemecke, Enrique Arturo (dirección) (dirección), Ortiz, Gabriela (música) (música), Roldán, Amadeo (música) (música), Toussaint, Eugenio (música) (música), Ojeda, Santiago (música) (música), Miki, Minoru (1930-2011) (música) (música), Fitkin, Graham (música) (música)
Формат: Аудиозапись
Опубликовано: Troy, EUA : Dorian Recordings, 1997, c1997
Предметы:
Метки: Добавить метку
Нет меток, Требуется 1-ая метка записи!

MARC

LEADER 00000njm^a2200000^a^4500
001 000186919
005 20251020000000.0
009 20260310102243.845
037 |a Acervo ITESO - Biblioteca 
041 |a SON 
082 |a 789. 20972  |b TAM 
110 |a Tambuco  |e (ejecución musical) 
240 1 1 |a [Altar de neón] 
240 1 1 |a [Rítmica Nº 5, de Amadeo Roldán] 
240 1 1 |a [Rítmica Nº 6, de Amadeo Roldán] 
240 1 4 |a [La Chunga de la jungla] 
240 1 1 |a [Zappaloapan] 
240 1 1 |a [Marimba spiritual] 
240 1 1 |a [Hook, de Graham Fitkin] 
245 1 0 |a Rítmicas /  |c Ejecución musical de Tambuco, Camerata de las Américas ; percusiones A. Bringas, R. Tudón, I. Manzanilla ; percusiones, dir. y texto del folleto de R. Gallardo ; dir. de E.A. Diemecke. 
264 4 |a Troy, EUA :  |b Dorian Recordings,  |c 1997, c1997 
300 |a 1 disco compacto sonoro (67 min.) +  |e 1 folleto (24 p.) 
336 |a música interpretada  |b prm  |2 rdacontenido 
337 |a audio  |b s  |2 rdamedio 
338 |a disco sonoro  |b sd  |2 rdasoporte 
546 |a Edición bilingüe español-inglés (folleto) 
649 |a XX 
650 |a Músicos Mexicanos 
650 |a Músicos Japoneses 
650 |a Músicos Ingleses 
650 |a Artistas Mexicanos 
650 |a Artistas Japoneses 
650 |a Artistas Ingleses 
650 |a Instrumentos de Percusión 
650 |a Instrumentos Musicales 
650 |a Cuarteto (Música) 
650 |a Música de Cámara -  |z Japón 
650 |a Música de Cámara -  |z Inglaterra 
650 |a Música de Cámara -  |z México 
650 |a Música de Concierto -  |z Japón 
650 |a Música de Concierto -  |z Inglaterra 
650 |a Música de Concierto -  |z México 
650 |a Música Japonesa -  |x Intérpretes Mexicanos 
650 |a Música Inglesa -  |x Intérpretes Mexicanos 
650 |a Música Japonesa -  |y Siglo XX 
650 |a Música Inglesa -  |y Siglo XX 
650 |a Música Mexicana -  |y Siglo XX 
650 |a Tambuco 
650 |a Camerata de las Américas 
650 |a Ortiz, Gabriela 
650 |a Roldán, Amadeo 
650 |a Toussaint, Eugenio 
650 |a Ojeda, Santiago 
650 |a Miki, Minoru 
650 |a Fitkin, Graham 
650 |a Diemecke, Enrique Arturo 
710 |a Camerata de las Américas  |e (ejecución musical) 
700 |a Bringas, Alfredo  |e (ejecución musical) 
700 |a Tudón, Raúl  |e (ejecución musical) 
700 |a Manzanilla, Iván  |e (ejecución musical) 
700 |a Gallardo, Ricardo  |e (ejecución musical, dirección y texto del folleto) 
700 |a Diemecke, Enrique Arturo  |e (dirección) 
700 |a Ortiz, Gabriela  |e (música) 
700 |a Roldán, Amadeo  |e (música) 
700 |a Toussaint, Eugenio  |e (música) 
700 |a Ojeda, Santiago  |e (música) 
700 |a Miki, Minoru  |d (1930-2011)  |e (música) 
700 |a Fitkin, Graham  |e (música) 
910 |a Fondo General 
920 |a Sonoros - CDs 
940 |a CDs de Música 
905 |a 401 
901 |a 0500128785  |b IT2  |c CDM  |u 20250521 
901 |a 0500128820  |b IT2  |c MIM  |u 20251020 
902 |a https://opac.biblio.iteso.mx/vufind/Record/000186919